Diseño sísmico de un edificio de concreto reforzado de tres pisos.
El presente trabajo presenta el diseño y análisis sísmico de un edificio de concreto reforzado de tres pisos como un sistema sismo resistente a base de marcos dúctiles por medio del análisis de la estructura a través de la aplicación de los métodos estáticos y dinámicos mediante el uso del...
| Main Authors: | , , |
|---|---|
| Other Authors: | |
| Format: | Tesis Section = Libro |
| Language: | Undetermined Spanish |
| Published: |
Managua
UNI
2008
|
| Subjects: |
| LEADER | 01513nam a2200301Ia 4500 | ||
|---|---|---|---|
| 008 | 240830s9999 xx 000 0 und d | ||
| 040 | |a BIBLIOTECA-RUPAP Mon 624.1771 B642 | ||
| 041 | |a spa | ||
| 082 | |a Mon 624.1771 B642 | ||
| 100 | 1 | |a Blandón Velásquez, Claudia Margarita | |
| 100 | 1 | |b Vallejos Arauz, Claudia Danyssa | |
| 100 | 1 | |c Suárez Campos, Moisés Francisco | |
| 245 | 1 | 0 | |a Diseño sísmico de un edificio de concreto reforzado de tres pisos. |
| 260 | |a Managua |b UNI |c 2008 | ||
| 300 | |a 189 p. :il. | ||
| 500 | |a Contiene: anexos. | ||
| 502 | |a Tesis (Ingeniero Civil)- UNI, 2008. | ||
| 520 | 3 | |a El presente trabajo presenta el diseño y análisis sísmico de un edificio de concreto reforzado de tres pisos como un sistema sismo resistente a base de marcos dúctiles por medio del análisis de la estructura a través de la aplicación de los métodos estáticos y dinámicos mediante el uso del programa de análisis estructural ETABS9 y la comparación de los tres resultados por las tres vías mencionadas anteriormente y el diseño de los elementos estructurales que conforman el sistema sismo resistente con base en los requisitos establecidos en el ACI318- 5. | |
| 650 | 7 | |a DISEÑO DE ESTRUCTURA - SISMOS | |
| 650 | 7 | |b DISEÑO SISMICO – EDIFICIOS | |
| 650 | 7 | |c ANALISIS SISMICO | |
| 650 | 7 | |d VIGAS | |
| 650 | 7 | |e COLUMNAS | |
| 650 | 7 | |f CIMENTACIONES | |
| 700 | 1 | |a Tutor: |b Bustamante Arteaga, José Fernando | |
| 942 | |c BK |2 ddc | ||
| 991 | |a TESIS | ||
| 999 | |c 15878 | ||